Ord-kryptering - Europeiska länder - Statistics

General Stats
  • This quiz has been taken 266 times
  • The average score is 10 of 20
Answer Stats
Land % Correct
Luxemburg
80%
Polen
80%
Schweiz
76%
Kosovo
75%
Malta
72%
Nederländerna
71%
Finland
68%
Rumänien
68%
Tjeckien
68%
Monaco
67%
Österrike
67%
Spanien
67%
Danmark
63%
Sverige
61%
Italien
60%
Irland
59%
Island
57%
Makedonien
57%
Ukraina
56%
Ungern
52%
Lettland
50%
Moldavien
50%
Montenegro
50%
Slovakien
50%
Slovenien
50%
Frankrike
48%
Norge
48%
Albanien
42%
Belgien
41%
Litauen
41%
Vatikanstaten
40%
Bulgarien
39%
Andorra
38%
Ryssland
33%
Liechtenstein
30%
Serbien
30%
Storbritannien
29%
Estland
27%
Tyskland
26%
Grekland
25%
Kroatien
21%
Portugal
19%
Vitryssland
19%
No matching quizzes found
Score Distribution
Percent of People with Each Score
Percentile by Number Answered
Your Score History
You have not taken this quiz